000 00578cam a22002053a 4500
001 40190
003 PGUSA
005 20140828083909.0
008 120710s2012||||xxu|||||s|||||000 | eng d
040 _aPGUSA
_beng
042 _adc
100 1 _aBuckman, James
245 1 0 _aScience and Practice in Farm Cultivation
_h[electronic resource] /
_cJames Buckman
260 _bProject Gutenberg,
_c2012
506 _aPublic domain in the USA.
516 _aElectronic text
830 0 _aProject Gutenberg
_v40190
856 4 0 _uhttp://www.gutenberg.org/ebooks/40190
942 _cEB
999 _c269443
_d269443